Spanish 5000 #8 - Nouns (Feminine, Cognates, Easy) - Statistics

General Stats
  • This quiz has been taken 60 times
  • The average score is 70 of 105
Answer Stats
English Spanish % Correct
action, act, deed acción
89%
activity, action actividad
89%
flower flor
89%
photo, picture foto
89%
fruit fruta
89%
guitar guitarra
89%
hour, time (specific) hora
89%
island isla
89%
mom mamá
89%
music música
89%
person persona
89%
salt sal
89%
university, college universidad
89%
bicycle bicicleta
84%
energy, power energía
84%
idea idea
84%
mountain montaña
84%
note, grade nota
84%
office oficina
84%
soup sopa
84%
union unión
84%
(el) area, zone área
79%
boot, wineskin bota
79%
jacket chaqueta
79%
culture cultura
79%
difference diferencia
79%
part, portion parte
79%
pasta, dough pasta
79%
princess princesa
79%
rat rata
79%
religion religión
79%
rose rosa
79%
TV, television tele
79%
temperature temperatura
79%
vision visión
79%
voice voz
79%
attention atención
74%
bottle, flask botella
74%
combination combinación
74%
community comunidad
74%
decision decisión
74%
diet dieta
74%
language, tongue, strip (of land) lengua
74%
list, roster, roll lista
74%
motorcycle moto
74%
option, choice opción
74%
plant, floor planta
74%
sauce, salsa salsa
74%
TV, television televisión
74%
speed, velocity velocidad
74%
camera, chamber cámara
68%
category categoría
68%
computer computadora
68%
copy copia
68%
decade década
68%
line, course línea
68%
peace paz
68%
(musical) band, sash banda
63%
Bible biblia
63%
calm, lull calma
63%
coast costa
63%
cream crema
63%
drug droga
63%
phrase frase
63%
negative, denial negativa
63%
pause pausa
63%
reason, tener r.: to be right razón
63%
rock roca
63%
section, cut sección
63%
adventure aventura
58%
germ, bacteria bacteria
58%
cause causa
58%
column, spine columna
58%
mass, dough, bulk, crowd masa
58%
gun, pistol pistola
58%
saliva, spit saliva
58%
siesta, afternoon nap siesta
58%
bomb, explosion, pump bomba
53%
quality calidad
53%
clearness, clarity claridad
53%
cross, burden cruz
53%
curve curva
53%
dance danza
53%
letter, handwriting, lyrics letra
53%
harmony armonía
47%
bank, banking banca
47%
bar, rod, rail barra
47%
base, basis base
47%
load, charge, cargo carga
47%
crown corona
47%
curtain, screen cortina
47%
question, matter cuestión
47%
round ronda
47%
village, town villa
47%
quantity, amount cantidad
42%
kind, class, order clase
42%
flame, llama llama
42%
offer, bid, supply oferta
42%
promise promesa
42%
tip, point punta
42%
ball, sphere bola
37%
piece, part pieza
37%
length, longitude longitud
26%
prison, imprisonment prisión
26%
pyramid pirámide
21%
No matching quizzes found
Score Distribution
Percent of People with Each Score
Percentile by Number Answered
Your Score History
You have not taken this quiz